000 00280nam a2200121Ia 4500
008 190216s9999||||xx |||||||||||||| ||und||
100 _aSudeer Kumar
245 0 _aHindi-Ghel Ghel Mem Sighe Yoga
260 _bShabdh Sagar
_c2009
300 _a160
650 _aHindi
942 _cBK
999 _c16679
_d16679